00478nam a2200205Ia 4500008004100000020001400041050001400055100002200069245002600091245002500117260001500142260001600157260000900173300001600182300002600198300001000224300002300234440000700257500000800264170918s9999 xx 000 0 und d a439691443 bS857 2005 aStilton, Geronimo 4aThe wild, wild west / cby Geronimo Stilton. aNew York : bScholastic, c2005 a106 pages : bcolor illustrations ; c19cm. eGeronimo Stilton ; a21 a460